| 000 | 00359nam a2200133Ia 4500 | ||
|---|---|---|---|
| 005 | 20260326100046.0 | ||
| 008 | 260326s9999||||xx |||||||||||||| ||und|| | ||
| 100 | _aSáenz C., Javier Luis | ||
| 245 | 0 |
_aLa Ciudad Hispanoamericana : _b El sueño de un orden / _cJavier Luis Sáenz C. |
|
| 260 | _bCEHOPU | ||
| 300 | _a301 p. | ||
| 650 | _aURBANISMO | ||
| 942 | _cBK | ||
| 999 |
_c7179 _d7179 |
||